000 00984 a2200205 4500
001 32096
005 20260407155622.0
008 260407a1966 arg spa d
003 AR-UNSa-BCEJYS
040 _aAR-UNSa-BCEJYS
_bspa
_cAR-UNSa-BCEJYS
080 _a658
_xAdministración de empresas. Organización comercial
245 1 0 _aLa ciencia de la administración
_pla dirección de los grupos humanos
020 _a968-18-0251-9
264 1 _aMéxico :
_bLimusa
_c1966
300 _a238 p.
_c22 cm.
505 _a1. La ciencia de la dirección social - 2. El arte de administrar las cosas - 3 Administración y sociología - 4. Admistración y moral social - 5. La doctrina y las normas fundamentales de la eficacia administrativa - 6. La planeación - 7. Administración, ontología social y derecho - 8. La organización - 9. La integración - 10. La dirección y el dirigente.
942 _cBK
590 _aniveau_biblio:m niveau_hierar:0
100 1 _aGuzman Valdivia, Issac
999 _c2250
_d2250